000 00941nam a2200301 i 4500
001 000015978
003 DO-SdBNP
005 20240527191033.0
007 ta
008 100222s1984 dr 001 0 spa d
040 _aDO-SdBNP
_bspa
_cBNPHU
_erda
049 _aBNPD
082 4 _a658
_bA485a
_222
100 1 _aAmaro Guzmán, Raymundo
_eautor
_9656
245 1 0 _aAdministración científica :
_bhistoria y principios /
_cRaymundo Amaro Guzmán.
264 _aSanto Domingo :
_bONAP,
_c1984.
300 _a123 páginas ;
_c22 cm.
336 _2rdacontent
_atexto
_btxt
337 _2rdamedia
_asin mediación
_bn
338 _2rdacarrier
_avolumen
_bnc
490 _aEstudios administrativos
_v11
490 _aONAP
500 _aIncluye referencias bibliográficas y notas al pie de las páginas
504 _aBibliografía : p. 119 -120
590 _aInventariado, 2024/BT
650 0 _aAdministración
_920440
942 _2ddc
_cLBS1
999 _c15520
_d15520